000 00529cam a2200157 4500500
005 20260329015607.0
041 _afre
042 _adc
100 1 0 _aCombes, Didier
_eauthor
700 1 0 _aMonsan, Pierre
_eauthor
245 0 0 _aBiocatalysis or enzymatic catalysis
260 _c2026.
500 _a63
786 0 _nUnit operations. Chemical reaction engineering | - | 2026-03-05 | p. 17-17
856 4 1 _uhttps://stm.cairn.info/catalysis-and-catalytic-processes--bdti42325210-bio590-page-17?lang=en&redirect-ssocas=7080
999 _c1899296
_d1899296